Flight of the falcon / (Record no. 554359)
[ view plain ]
| 000 -LEADER | |
|---|---|
| fixed length control field | 00623cam a22001814a 4500 |
| 020 ## - INTERNATIONAL STANDARD BOOK NUMBER | |
| International Standard Book Number | 9789694025261 |
| 082 ## - DEWEY DECIMAL CLASSIFICATION NUMBER | |
| Classification number | 954.91 |
| Author Mark | HAI |
| -- | N-02,P-100 |
| 100 1# - MAIN ENTRY--PERSONAL NAME | |
| Personal name | Haider, S. Sajad, |
| 9 (RLIN) | 51811 |
| 245 10 - TITLE STATEMENT | |
| Title | Flight of the falcon / |
| Statement of responsibility, etc. | by S. Sajad Haider. |
| 260 ## - PUBLICATION, DISTRIBUTION, ETC. | |
| Place of publication, distribution, etc. | Lahore : |
| Name of publisher, distributor, etc. | Vanguard Books, |
| Date of publication, distribution, etc. | 2009. |
| 300 ## - PHYSICAL DESCRIPTION | |
| Extent | xxvi, 429 p. : |
| Other physical details | ill. ; |
| Dimensions | 24 cm. |
| 500 ## - GENERAL NOTE | |
| General note | "Demolishing myth of Indo-Pak wars 1965 & 1971"--Cover. |
| 526 ## - STUDY PROGRAM INFORMATION NOTE | |
| Program name | 0 |
| Interest level | 0 |
| Reading level | 0 |
| Title point value | 954_910000000000000_HAI |
| 526 ## - STUDY PROGRAM INFORMATION NOTE | |
| Program name | 0 |
| Interest level | 0 |
| Reading level | 0 |
| Title point value | 954_910000000000000_HAI |
| 650 #0 - SUBJECT ADDED ENTRY--TOPICAL TERM | |
| Topical term or geographic name entry element | India-Pakistan Conflict, 1965 |
| 9 (RLIN) | 10110 |
| 650 #0 - SUBJECT ADDED ENTRY--TOPICAL TERM | |
| Topical term or geographic name entry element | India-Pakistan Conflict, 1971 |
| 9 (RLIN) | 5188 |
| 942 ## - ADDED ENTRY ELEMENTS (KOHA) | |
| Source of classification or shelving scheme | |
| Koha item type | Book |
| Withdrawn status | Lost status | Source of classification or shelving scheme | Damaged status | Not for loan | Permanent Location | Current Location | Date acquired | Total Checkouts | Full call number | Barcode | Date last seen | Price effective from | Koha item type |
|---|---|---|---|---|---|---|---|---|---|---|---|---|---|
| Military College of Engineering (MCE) | Military College of Engineering (MCE) | 06/24/2020 | 954.91 HAI | MCE-51446 | 06/24/2020 | 06/24/2020 | Book | ||||||
| Military College of Engineering (MCE) | Military College of Engineering (MCE) | 06/24/2020 | 954.91 HAI | MCE-51451 | 06/24/2020 | 06/24/2020 | Book |
